Las democracias: democracia antigua, democracia liberal y estado de bienestar

-д хадгалсан:
Номзүйн дэлгэрэнгүй
Үндсэн зохиолч: Requejo Coll, Ferran (Зохиогч)
Формат: Ном
Хэл сонгох:испани
Хэвлэсэн: Barcelona Ariel 1990
Цуврал:Ariel, 95
Нөхцлүүд:
Шошгууд: Шошго нэмэх
Шошго байхгүй, Энэхүү баримтыг шошголох эхний хүн болох!

MARC

LEADER 00000nam a2200000 a 4500
001 UCX4357
003 CL-VaPUC
008 920416e19900000SP |||||||||||||||||spa|d
082 0 4 |a 320  |b REQ  |2 21 
100 0 |a Requejo Coll, Ferran  |e author  |9 320510 
245 1 4 |a Las democracias: democracia antigua, democracia liberal y estado de bienestar 
300 |a 258 p 
942 |c BK 
945 |d 19920416 00:00:00 
260 |a Barcelona  |b Ariel  |c 1990 
650 0 |a Democracia  |9 255256 
650 0 |a Historia política  |9 256974 
583 |a last modification  |c 20170808 01:51:07  |k Rodrigo Vera 
490 0 |a Ariel, 95 
999 |c 224840  |d 224838 
952 |0 0  |1 0  |4 0  |6 320_000000000000000_REQ_1990  |7 0  |8 A  |9 221833  |a BIBHIS  |b BIBHIS  |d 2019-11-15  |i 290702K  |o 320 REQ 1990  |p 290702K  |r 2025-01-20  |w 2019-11-15  |y BK  |k HIS 
952 |0 0  |1 0  |4 0  |6 320_000000000000000_REQ_1990  |7 0  |8 A  |9 221834  |a BIBGIM  |b BIBGIM  |d 2019-11-15  |i 2907038  |o 320 REQ 1990  |p 2907038  |r 2025-01-15  |w 2019-11-15  |y BK  |k SSL 
952 |0 0  |1 0  |4 0  |6 320_000000000000000_REQ_1990  |7 0  |8 A  |9 221835  |a BIBHIS  |b BIBHIS  |d 2019-11-15  |i 2907046  |o 320 REQ 1990  |p 2907046  |r 2025-01-20  |w 2019-11-15  |y BK  |k HIS